I fuoriclasse /

Guardat en:
Dades bibliogràfiques
Autor principal: Bendini, Nicolas
Format: Llibre
Idioma:italià
Publicat: Roma : Playground, 2012
Col·lecció:High school
Etiquetes: Afegir etiqueta
Sense etiquetes, Sigues el primer a etiquetar aquest registre!

MARC

LEADER 00000nam a22000007i 4500
001 IT\ICCU\UM1\0128372
003 ItRI
005 20260115232151.0
008 120912s2012 it |||||| ||||| |||||c
020 |a 9788889113691 
040 |b ita  |c importazione bologna sebina 
041 7 |a ita  |2 ISO-639-2 
100 1 |a Bendini, Nicolas  |0 IT\ICCU\UBOV\328056 
240 1 2 |a I fuoriclasse  |3 IT\ICCU\BCT\0013157  |9 Bendini, Nicolas 
245 1 2 |a I fuoriclasse /  |c Nicolas Bendini. 
260 |a Roma :  |b Playground,  |c 2012 
300 |a 142 p. ;  |c 20 cm. 
830 0 |a High school  |0 IT\ICCU\UBO\2598499 
942 |2 ddc  |c BK  |n 0 
952 |0 0  |1 0  |4 0  |6 R_853_920000000000000_BEN  |7 0  |9 21299  |a BO  |b BO  |d 2026-01-15  |i 16751  |l 0  |o R 853.92 BEN  |p BO16751  |r 2026-01-15 23:21:51  |w 2026-01-15  |x [Sebina 5] [1 v.]  |y BK  |z 1 v. 
999 |c 18196  |d 18196